[Event "IV Zicosur Open 2019"]
[Site "Antofagasta"]
[Date "2019.01.07"]
[Round "4"]
[White "Henriquez Villagra, Cristobal"]
[Black "Gonzalez Vidal, Yuri"]
[Result "1/2-1/2"]
[WhiteElo "2488"]
[BlackElo "2562"]
[Annotator "TA"]
[PlyCount "69"]
[EventDate "2019.01.05"]
[EventType "swiss"]
[EventCountry "CHI"]
[SourceTitle "playchess.com"]
[Source "ChessBase"]
[SourceQuality "1"]

{[%evp 15,69,0,0,-16,-14,-20,-16,-37,-37,-45,-25,-19,-22,-20,0,-25,0,0,0,0,0,0,0,0,0,0,0,0,0,0,37,0,0,0,0,0,23,22,54,25,19,22,17,18,20,21,25,18,10,0,35,35,29,33,35,-34]} 1. d4 Nf6 2. Nf3 e6 3. Bf4 d5 4. e3 Bd6 5. Bg3 O-O 6. Nbd2 b6 7. c3 {D02: 1 d4 d5 2 Nf3 sidelines, including 2...Nf6 3 g3 and 2...Nf6 3 Bf4} c5 8. Ne5 Qc7 {LiveBook: 16 Games} 9. Bb5 {The position is equal.} Bb7 10. O-O $146 ({Predecessor:} 10. f4 Nc6 11. Bh4 Ne4 12. Nxe4 dxe4 13. O-O f6 14. Qg4 {1-0 (65) Andreikin,D (2736)-Zhou,W (2635) China 2016}) 10... Nc6 11. f4 Ne7 12. Bh4 {Black should prevent Bxf6.} Ne4 (12... a6 {is interesting.} 13. Be2 Nf5 14. Bf2 Be7 15. g4 Nd6) 13. Nxe4 dxe4 14. Bxe7 Bxe7 15. f5 exf5 16. Rxf5 {Threatening Qb3.} g6 17. Rxf7 $1 Rxf7 18. Bc4 {[%mdl 64] [#] Pin} Raf8 19. Nxf7 {Threatens to win with Nd8+.} Kg7 {...cxd4 is the strong threat.} 20. Ne5 Bd6 {aiming for ...cxd4.} 21. Qa4 Bxe5 22. dxe5 {[%cal Bd4e5,Be5e6][%mdl 32]} Bc6 23. Qa6 Bb7 $1 {[%cal Rb7a6]} 24. Qa3 a6 $1 25. Rd1 b5 26. e6 Rd8 27. Rf1 Rf8 28. Rxf8 Kxf8 29. Be2 Ke7 30. b4 cxb4 31. Qxb4+ Qd6 32. Qb2 Qe5 33. a4 {[%cal Ra4b5]} Bc6 34. axb5 Bxb5 35. Qd2 {Accuracy: White = 65%, Black = 77%.} (35. Qa3+ $14 Qd6 36. Qxd6+ Kxd6 37. c4) 1/2-1/2

[Event "IV Zicosur Open 2019"]
[Site "Antofagasta"]
[Date "2019.01.07"]
[Round "4"]
[White "Henriquez Villagra, Cristobal"]
[Black "Gonzales Vidal, Yuri"]
[Result "1/2-1/2"]
[WhiteElo "2488"]
[BlackElo "2562"]
[Annotator "TA"]
[PlyCount "69"]
[EventDate "2019.01.05"]
[EventType "swiss"]
[EventCountry "CHI"]
[SourceTitle "playchess.com"]
[Source "ChessBase"]
[SourceQuality "1"]

{[%evp 15,69,-2,-3,-16,-15,-20,-18,-31,-30,-42,-20,-29,-25,-28,-14,-25,0,0,0,0,0,0,0,0,0,0,0,0,0,0,50,0,0,0,0,0,16,16,45,10,16,16,23,15,14,6,5,6,4,0,37,35,35,35,39,-68]} 1. d4 Nf6 2. Nf3 e6 3. Bf4 d5 4. e3 Bd6 5. Bg3 O-O 6. Nbd2 b6 7. c3 {D02: 1 d4 d5 2 Nf3 sidelines, including 2...Nf6 3 g3 and 2...Nf6 3 Bf4} c5 8. Ne5 Qc7 {LiveBook: 16 Games} 9. Bb5 {The position is equal.} Bb7 10. O-O $146 ({Predecessor:} 10. f4 Nc6 11. Bh4 Ne4 12. Nxe4 dxe4 13. O-O f6 14. Qg4 {1-0 (65) Andreikin,D (2736)-Zhou,W (2635) China 2016}) 10... Nc6 11. f4 Ne7 12. Bh4 Ne4 13. Nxe4 dxe4 14. Bxe7 Bxe7 15. f5 exf5 16. Rxf5 {Threatening Qb3.} g6 17. Rxf7 $1 Rxf7 18. Bc4 {[%mdl 64] [#] Pin} Raf8 19. Nxf7 {Hoping for Nd8+.} Kg7 {White must now prevent ...cxd4.} 20. Ne5 Bd6 {And now ...cxd4 would win.} 21. Qa4 Bxe5 22. dxe5 {[%cal Bd4e5,Be5e6][%mdl 32]} Bc6 (22... a6 $5) 23. Qa6 Bb7 24. Qa3 a6 $1 25. Rd1 b5 26. e6 Rd8 27. Rf1 Rf8 28. Rxf8 Kxf8 29. Be2 Ke7 30. b4 cxb4 31. Qxb4+ Qd6 32. Qb2 Qe5 33. a4 {[%cal Ra4b5] White is slightly better.} Bc6 34. axb5 Bxb5 35. Qd2 {Accuracy: White = 71%, Black = 75%.} (35. Qb4+ $14 Qd6 36. Qxd6+ Kxd6 37. c4) 1/2-1/2

[Event "IV Zicosur Open 2019"]
[Site "Antofagasta"]
[Date "2019.01.07"]
[Round "4"]
[White "Acosta, Pablo Ismael"]
[Black "Delgadillo, Adonay"]
[Result "1-0"]
[WhiteElo "2463"]
[BlackElo "2218"]
[Annotator "TA"]
[PlyCount "85"]
[EventDate "2019.01.05"]
[EventType "swiss"]
[EventCountry "CHI"]
[SourceTitle "playchess.com"]
[Source "ChessBase"]
[SourceQuality "1"]

{[%evp 14,85,4,4,43,40,33,29,51,0,68,66,81,75,93,99,91,68,99,93,83,60,92,93,118,131,183,111,99,52,45,48,75,64,110,82,168,160,158,165,158,152,156,127,420,462,454,448,509,506,501,502,446,427,518,522,524,524,563,559,547,547,528,528,29985,29986,29986,29987,29987,751,751,729,700,695]} 1. c4 Nf6 2. g3 g6 3. Bg2 Bg7 4. Nc3 d6 5. e4 O-O 6. Nge2 c5 7. d4 cxd4 {E72: King's Indian: 4 e4 d6 5 g3} (7... Nc6 8. d5 Ne5 9. b3 Bg4 10. h3 Bf3 11. O-O e6 12. Bb2 exd5 13. exd5 Qd7 14. Qc2 Rfe8 15. Nf4 {0-1 (49) Moroni,L (2478)-Mogranzini,R (2514) Rome 2016}) 8. Nxd4 {LiveBook: 14 Games} Bg4 9. f3 $146 ({Predecessor:} 9. Nde2 Nc6 10. h3 Be6 11. b3 Qc8 12. Bb2 Rb8 13. Qd2 a6 14. Rc1 {½-½ (22) Ulaneo,R (2311)-Guerrero,A (2307) San Jose 2002}) 9... Bd7 {White is slightly better.} 10. Be3 Nc6 11. Nde2 (11. O-O $14) 11... Ne5 ({Black should try} 11... a6 $11) 12. b3 $14 Re8 13. O-O Qa5 14. h3 Nc6 15. Qd2 Rac8 16. g4 a6 17. a4 Qb4 18. Rab1 e6 19. Rfd1 d5 (19... Red8 $16) 20. g5 (20. f4 $18) 20... Nh5 $16 21. exd5 exd5 22. Nxd5 Qxd2 23. Rxd2 Be6 24. Kf2 b5 (24... Na5 $16) 25. axb5 axb5 26. cxb5 Bxd5 27. Rxd5 Nb4 28. Rd2 Bc3 $2 {[%mdl 8192] [#]} (28... Nc2 $16 {might work better.}) 29. Nxc3 $18 Rxc3 30. Bd4 Nd3+ 31. Kg1 Rc1+ 32. Rxc1 Nxc1 33. Ba7 Nf4 34. b6 Nxb3 35. Rb2 {[#] b7 is the strong threat.} Re1+ 36. Kh2 Nc5 37. b7 Nxb7 38. Rxb7 {Threatens to win with Rb8+.} Re2 39. Rb8+ Kg7 40. Bd4+ f6 41. Bxf6+ (41. gxf6+ $142 Kf7 42. Rb7+ Ke8 43. f7+ Kf8 44. Bc5+ Re7 45. Rxe7 Ne6 46. Bd6) 41... Kf7 42. Rb7+ Kf8 43. Rb2 {Accuracy: White = 79%, Black = 28%.} 1-0

[Event "IV Zicosur Open 2019"]
[Site "Antofagasta"]
[Date "2019.01.07"]
[Round "4"]
[White "Gomez Barrera, Javiera Belen"]
[Black "Granda Zuniga, Julio E"]
[Result "0-1"]
[WhiteElo "2084"]
[BlackElo "2641"]
[Annotator "TA"]
[PlyCount "80"]
[EventDate "2019.01.05"]
[EventType "swiss"]
[EventCountry "CHI"]
[SourceTitle "playchess.com"]
[Source "ChessBase"]
[SourceQuality "1"]

{[%evp 19,80,6,22,22,27,27,45,47,49,55,43,23,48,25,25,10,3,16,27,0,-5,-2,0,0,0,0,0,-3,-9,-11,0,-17,-2,-25,-9,-23,0,0,0,-7,20,0,0,0,10,0,13,0,2,-77,-94,-89,-97,-97,-132,-123,-59,-135,-137,-136,-133,-181,-172]} 1. e4 c5 2. Nf3 e6 3. d4 cxd4 4. Nxd4 a6 5. Bd3 Nf6 6. O-O d6 7. Qe2 Be7 8. c4 O-O 9. Nc3 Nc6 {B42: Sicilian: Kan Variation: 5 Bd3} 10. Nf3 b6 {LiveBook: 4 Games} 11. Bd2 $146 ({Predecessor:} 11. Rd1 Qc7 12. Bf4 Ng4 13. Rac1 Nce5 14. b3 Bb7 15. h3 Nxf3+ 16. Qxf3 Ne5 17. Qg3 {0-1 (68) Lokesh,P (2241)-Babujian,L (2512) Kolkata 2013}) 11... Bb7 {The position is equal.} 12. Rac1 Ra7 13. Rfd1 Qb8 14. h3 Ba8 15. Bf4 Nd7 16. a3 Rc8 17. b4 Nce5 18. Nxe5 Nxe5 19. Be3 (19. c5 $5) 19... Rac7 {[%cal Re5c4]} 20. Na4 Rc6 21. b5 axb5 22. cxb5 Rxc1 23. Rxc1 Rxc1+ 24. Bxc1 g6 25. Be3 Nd7 26. Qb2 h5 27. Bd4 h4 28. Qc2 Bf8 29. Qc1 Be7 30. Qc2 Bd8 31. Qc1 Qb7 32. Qh6 {[%csl Gd4][%cal Rh6h8]} e5 $1 {[%cal Re5d4]} 33. Bb2 d5 {[%cal Bd6d5,Bd5d4][%mdl 32]} 34. Nc3 (34. exd5 $11 {keeps the balance.} Qxd5 35. Bf1) 34... Nc5 $17 35. Bb1 d4 36. Nd5 {Black should prevent Nf4.} Qd7 37. Ba2 {[#] Strongly threatening Nxb6!} Ne6 ({And not} 37... Qxb5 {[#]} 38. Ne7+ $1 {[%mdl 512]} Bxe7 39. Qxg6+ Kh8 40. Bxf7 Qf1+ 41. Kxf1 Nxe4 42. Qh6#) (37... Qd6 $1 $17 38. f3 Bxd5 39. Bxd5 Nd3) 38. Qc1 ({White should try} 38. Bc1 $1 $15) 38... Qxb5 {aiming for ...Qe2.Black is clearly better.} 39. Nb4 {Threatens to win with Bxe6.} Qd7 ({Inferior is} 39... Bxe4 40. Bxe6 fxe6 41. Qc8 $16) 40. Nd5 Bb7 {Precision: White = 38%, Black = 39%.} 0-1

[Event "IV Zicosur Open 2019"]
[Site "Antofagasta"]
[Date "2019.01.08"]
[Round "5"]
[White "Granda Zuniga, Julio E"]
[Black "Lopez Silva, Hugo"]
[Result "1-0"]
[WhiteElo "2641"]
[BlackElo "2399"]
[Annotator "TA"]
[PlyCount "70"]
[EventDate "2019.01.05"]
[EventType "swiss"]
[EventCountry "CHI"]
[SourceTitle "playchess.com"]
[Source "ChessBase"]
[SourceQuality "1"]

{[%evp 19,70,26,16,20,39,44,16,31,35,18,99,26,39,23,24,0,0,0,0,-18,68,54,59,31,84,67,79,88,80,62,59,64,62,47,57,44,50,44,172,112,172,166,149,165,147,146,155,160,173,144,221,205,495]} 1. d4 Nf6 2. c4 c5 3. d5 e6 4. Nc3 exd5 5. cxd5 d6 6. e4 g6 7. Bd3 Bg7 8. Nge2 O-O 9. O-O Re8 10. f3 Nbd7 {LiveBook: 4 Games. A65: Modern Benoni: 6 e4} 11. Ng3 (11. a4 a6 12. Bc2 b6 13. Bf4 Ne5 14. Qc1 Bd7 15. Bh6 Bh8 16. h3 b5 17. Ng3 bxa4 {½-½ (26) Zysk,R (2462)-Bromberger,S (2440) Germany 2004}) 11... Ne5 12. Be2 a6 {White is slightly better.} 13. a4 Rb8 14. h3 $146 ({Predecessor:} 14. Kh1 Bd7 15. Bg5 Qc8 16. f4 Neg4 17. f5 gxf5 {1-0 (65) Asefi,Z (2072)-Liu,Y (1883) Istanbul 2012}) 14... h5 (14... c4 $11 {keeps the balance.}) 15. Nh1 (15. f4 $1 $16 {[%cal Rf4e5]} Ned7 16. e5 dxe5 17. fxe5 Nxe5 18. Bg5) 15... Nh7 16. Nf2 f5 17. f4 Nf7 18. exf5 Bxf5 19. g4 hxg4 (19... Bd7 $11) 20. hxg4 $14 Bd7 21. Kg2 Bd4 (21... g5 $14) 22. g5 $16 Bf5 23. Bd3 Qd7 24. Nce4 Re7 25. Ng3 Bxd3 26. Qxd3 Nf8 27. Nfe4 Rbe8 $1 28. Ra3 b5 {[#]} ({Black should play} 28... Qg4 $14 29. Re1 Rc8) 29. axb5 (29. Qxd4 $1 $18 {[%mdl 512]} cxd4 30. Nf6+ Kh8 31. Nxd7 Nxd7 32. f5) 29... axb5 (29... Qxb5 $16 30. Qxb5 axb5) 30. Qxd4 $18 {White is clearly better.} cxd4 31. Nf6+ Kg7 32. Nxd7 Nxd7 {[#]} 33. Rd3 $1 Rc8 34. Rxd4 Nc5 (34... Nb6 $16) 35. f5 Ra7 $2 {Precision: White = 81%, Black = 29%.} (35... Rec7) 1-0

[Event "IV Zicosur Open 2019"]
[Site "Antofagasta"]
[Date "2019.01.08"]
[Round "5"]
[White "Flores, Diego"]
[Black "Henriquez Villagra, Cristobal"]
[Result "1-0"]
[WhiteElo "2609"]
[BlackElo "2488"]
[Annotator "TA"]
[PlyCount "59"]
[EventDate "2019.01.05"]
[EventType "swiss"]
[EventCountry "CHI"]
[SourceTitle "playchess.com"]
[Source "ChessBase"]
[SourceQuality "1"]

{[%evp 22,59,19,-8,-10,0,-13,-4,28,36,38,31,64,52,58,41,33,33,41,37,68,36,107,107,181,126,136,148,249,259,250,251,238,259,357,314,429,404,790,651]} 1. c4 e6 2. Nf3 d5 3. b3 Nf6 4. Bb2 b6 5. g3 Be7 6. Bg2 O-O 7. O-O Bb7 8. e3 dxc4 9. bxc4 c5 10. Qe2 Nc6 11. Nc3 Rc8 {[%cal Ba8c8,Bc8c7,Bc7d7][%mdl 32]} 12. Ne1 {[%cal Bf3e1,Be1c2,Bc2e3][%mdl 32] LiveBook: 14 Games. A14: English Opening: 1...e6 with b3 by White} Rc7 (12... Qd7 13. f4 Rfd8 14. Rd1 Na5 15. Bxb7 Qxb7 16. d3 a6 17. a4 Ne8 18. f5 Bf6 19. fxe6 fxe6 {0-1 (49) Giri,A (2771)-So,W (2812) Stavanger 2017}) 13. f4 Rd7 14. d3 $146 {The position is equal.} ({Predecessor:} 14. Rd1 Qa8 15. d3 Rfd8 16. g4 Nb4 17. Rf2 Ne8 18. a3 Nc6 19. Nf3 Bf6 {1-0 (38) Dizdar,G (2380)-Kelecevic,N (2390) Vrbas 1982}) 14... Qa8 15. f5 exf5 16. Rxf5 Bd8 17. Nc2 Ne8 18. Raf1 Ne7 $1 {[#] And now ...Bxg2 would win.} 19. Bxb7 Qxb7 20. R5f2 {Strongly threatening e4.} Ng6 21. e4 (21. h4 {with more complications.} f6 22. Nd5 b5 23. Bc3 b4 24. Ba1) 21... Nc7 (21... Bc7 $14) 22. Ne3 $36 {[%mdl 2048] White is on the roll.} a6 {[#]} (22... f6 $16 23. Ncd5 Nxd5 24. cxd5 (24. Nxd5 Bc7 $14) 24... Re8) 23. Ncd5 (23. Nf5 $1 $18) 23... Nxd5 24. cxd5 Re8 (24... f6 $16 25. h4 Qb8) 25. h4 $18 {[%cal Bh2h4,Bh4h5,Bh5h6][%mdl 32]} Qc7 26. h5 Ne5 ({Reject} 26... Qxg3+ 27. Rg2 $18) 27. Ng4 f6 28. h6 Nxg4 29. Qxg4 c4 (29... Rf7 $142 30. Bxf6 Bxf6 31. Rxf6 Qd7 32. Qxd7 (32. Rxf7 Qxg4 33. Rxg7+ Qxg7 $18) 32... Rxd7) 30. Bxf6 {Accuracy: White = 73%, Black = 34%.} 1-0

[Event "IV Zicosur Open 2019"]
[Site "Antofagasta"]
[Date "2019.01.07"]
[Round "5"]
[White "Pichot, Alan"]
[Black "Cruz, Cristhian"]
[Result "1/2-1/2"]
[WhiteElo "2581"]
[BlackElo "2564"]
[Annotator "TA"]
[PlyCount "70"]
[EventDate "2019.01.05"]
[EventType "swiss"]
[EventCountry "CHI"]
[SourceTitle "playchess.com"]
[Source "ChessBase"]
[SourceQuality "1"]

{[%evp 17,70,36,41,19,20,0,21,-51,-37,-31,-28,-10,0,-14,-11,0,-8,-13,0,-21,-25,-23,-18,-13,-20,-26,-26,-20,-14,-41,-41,-53,-41,-37,-35,-24,-31,-35,0,0,0,0,0,0,0,-8,0,0,0,0,0,0,0,0,0]} 1. e4 e5 2. Nf3 Nc6 3. Bc4 Nf6 4. d3 Be7 5. O-O O-O 6. Re1 d6 7. a4 h6 8. c3 Nh7 9. a5 {C55: Two Knights: 4 d3, 4 d4 exd4 5 e5 and Max Lange Attack} a6 {LiveBook: 93 Games} 10. h3 (10. Be3 Kh8 11. d4 f5 12. exf5 e4 13. Nfd2 Rxf5 14. d5 {0-1 (33) Salgado Lopez,I (2624)-Bruzon Batista,L (2685) Camarinas 2013}) 10... Kh8 11. d4 f5 {[#] aiming for ...fxe4.} 12. dxe5 $146 (12. Bd3 $11) ({Predecessor:} 12. d5 fxe4 13. Rxe4 Nb8 14. Re1 c6 {½-½ (14) Hansen,S (2578)-Schandorff,L (2501) Svendborg 2016}) 12... fxe4 $1 $15 13. Rxe4 Rxf3 $1 14. gxf3 Nxe5 15. Rxe5 dxe5 16. Qxd8+ Bxd8 17. Kg2 Ng5 (17... Bd7 {is interesting.} 18. Be3 Ng5 19. h4 Nh7 20. Nd2 Bxh4 21. Bd5 c6) 18. Bxg5 Bxg5 19. Na3 Bf5 20. Re1 Bf4 21. Bd5 c6 22. Be4 Be6 23. Rd1 Kg8 24. Nc2 Kf8 25. Nb4 Ke7 26. Nd3 Rd8 27. Re1 Kd6 28. Nxf4 {The position is equal.} exf4 $11 {[%mdl 4096] Endgame KRB-KRB} 29. h4 g5 30. hxg5 hxg5 31. Rh1 Ke5 32. Rh5 Kf6 33. Rh6+ Ke5 34. Rh5 Kf6 35. Rh6+ Ke5 {Accuracy: White = 58%, Black = 80%.} 1/2-1/2

[Event "IV Zicosur Open 2019"]
[Site "Antofagasta"]
[Date "2019.01.08"]
[Round "5"]
[White "Gonzales Vidal, Yuri"]
[Black "Perez Ponsa, Federico"]
[Result "1/2-1/2"]
[WhiteElo "2562"]
[BlackElo "2560"]
[Annotator "TA"]
[PlyCount "51"]
[EventDate "2019.01.05"]
[EventType "swiss"]
[EventCountry "CHI"]
[SourceTitle "playchess.com"]
[Source "ChessBase"]
[SourceQuality "1"]

{[%evp 19,51,13,26,20,19,19,23,0,34,43,39,41,60,55,42,28,47,46,77,31,88,36,54,37,157,140,143,101,92,66,58,56,57,54]} 1. Nf3 Nf6 2. c4 g6 3. d4 Bg7 4. e3 O-O 5. Be2 c5 (5... d6 6. Nc3 Bf5 7. Qb3 b6 8. d5 a5 9. Nd4 Bd7 10. O-O Na6 11. Qd1 Nc5 12. Bf3 Rc8 13. a3 e5 14. dxe6 Nxe6 {0-1 (56) Topalov,V (2747)-Ding,L (2797) Wenzhou 2018}) 6. d5 {E60: King's Indian: Unusual lines and Fianchetto Variation without Nc3} e6 7. Nc3 exd5 8. cxd5 d6 9. O-O Re8 10. Nd2 Nbd7 {LiveBook: 18 Games} 11. e4 a6 12. a4 $1 {[%cal Ba2a4,Ba4a5][%mdl 32]} Ne5 13. Qc2 g5 {[#]} 14. Ra3 $146 ({Predecessor:} 14. Re1 h6 15. Nf1 Ng6 16. Ne3 Nf4 {0-1 (59) Sambuev,B (2530)-Preotu,R (2277) Montreal 2013}) 14... Rb8 15. a5 h6 16. Re1 Bd7 17. Nd1 Rc8 18. b3 Ng6 19. Ne3 Nf4 ({Black should try} 19... Qe7 $1 $14) 20. Bf1 (20. Bb2 $16) 20... Qe7 $14 {[%cal Rf6e4]} 21. Bb2 Ng4 (21... Nxe4 $14 22. Bxg7 Nxd2 23. Qxd2 Kxg7) 22. Bxg7 $16 Kxg7 23. Nxg4 Bxg4 24. Raa1 Qf6 25. Nc4 Ng6 26. Rab1 {Accuracy: White = 52%, Black = 34%.} 1/2-1/2

[Event "IV Zicosur Open 2019"]
[Site "Antofagasta"]
[Date "2019.01.08"]
[Round "5"]
[White "Martinez Alcantara, Jose Eduardo"]
[Black "Acosta, Pablo Ismael"]
[Result "1-0"]
[WhiteElo "2541"]
[BlackElo "2463"]
[Annotator "TA"]
[PlyCount "71"]
[EventDate "2019.01.05"]
[EventType "swiss"]
[EventCountry "CHI"]
[SourceTitle "playchess.com"]
[Source "ChessBase"]
[SourceQuality "1"]

{[%evp 17,71,36,35,22,47,46,56,35,45,28,53,0,60,6,0,0,31,-3,64,64,65,72,77,67,85,70,100,79,114,114,218,208,262,210,253,214,252,208,240,214,281,221,297,304,479,480,470,428,503,246,808,833,779,369,360,355]} 1. Nf3 c5 2. e4 e6 3. d4 cxd4 4. Nxd4 a6 5. Bd3 Nf6 6. O-O Qc7 7. Qe2 d6 8. f4 {[%cal Bf2f4,Bf4f5][%mdl 32]} g6 9. f5 {B42: Sicilian: Kan Variation: 5 Bd3} (9. Nc3 Bg7 10. e5 dxe5 11. Ndb5 axb5 12. Nxb5 Qe7 13. fxe5 O-O 14. exf6 Bxf6 15. c3 Bg7 16. Bc4 Kh8 {½-½ (60) Lampert,J (2546)-Gordievsky,D (2638) Biel 2018}) 9... Bg7 {LiveBook: 15 Games} 10. Bg5 {[#] aiming for fxg6.} O-O 11. Nd2 {White is slightly better.} e5 12. N4b3 Nbd7 13. c4 $146 ({Predecessor:} 13. a4 b6 14. a5 b5 15. c4 b4 16. c5 dxc5 {0-1 (32) Tshabalala,E (2003)-Agulhas,K (1887) Gauteng 2017}) 13... b6 14. Kh1 (14. Nb1 $14) 14... Bb7 ({Black should play} 14... h6 $11 15. Be3 Bb7) 15. Rac1 (15. Nb1 $14) 15... Nh5 $11 16. g3 h6 17. Be3 Qd8 (17... Nhf6 $11) 18. Nb1 $14 Nhf6 19. Nc3 b5 20. Nd2 bxc4 21. Bxc4 {[#] Black must now prevent fxg6.} Kh8 22. Rcd1 Nb6 23. Bb3 Nbd7 (23... d5 $16) 24. g4 Rc8 {intending ...Rxc3.} 25. g5 hxg5 26. Bxg5 Nxe4 27. Ndxe4 Qxg5 28. Nd5 Qh4 29. Nxd6 Rb8 30. Qg2 Bc6 (30... Bxd5 {keeps fighting.} 31. Bxd5 (31. Qxd5 g5 $18) 31... e4 32. Nxf7+ Rxf7) 31. Rf3 $18 Rxb3 32. axb3 Kg8 33. Rh3 (33. fxg6 $142 Bxd5 34. gxf7+ Rxf7 35. Nxf7 {[%mdl 64] Pin}) 33... Qd8 $2 (33... Bxd5 34. Rxh4 Bxg2+ 35. Kxg2 g5) 34. fxg6 fxg6 35. Ne7+ (35. Rg3 $142 Nc5 36. Rxg6) 35... Qxe7 36. Qxc6 {Accuracy: White = 54%, Black = 47%.} 1-0

[Event "IV Zicosur Open 2019"]
[Site "Antofagasta"]
[Date "2019.01.07"]
[Round "5"]
[White "Aguirre Contreras, Cristian"]
[Black "Delgado Ramirez, Neuris"]
[Result "0-1"]
[WhiteElo "2299"]
[BlackElo "2623"]
[Annotator "TA"]
[PlyCount "56"]
[EventDate "2019.01.05"]
[EventType "swiss"]
[EventCountry "CHI"]

{[%evp 19,56,0,-3,-27,-33,-60,-54,-73,-71,-66,-67,-61,-57,-70,-94,-84,-81,-75,-84,-127,-131,-130,-43,-65,-35,-213,-206,-219,-214,-187,-117,-241,-190,-211,-191,-201,-140,-691,-683]} 1. e4 {[%cal Be2e4,Be4e5][%mdl 32]} c5 2. c3 Nf6 3. e5 Nd5 4. d4 cxd4 5. Nf3 Nc6 6. cxd4 d6 7. exd6 Qxd6 8. Nc3 g6 9. Qb3 {B22: Sicilian: 2 c3} Nxc3 (9... Be6 10. Qxb7 Rb8 11. Qa6 Bg7 12. Bb5 Ndb4 13. Qa4 O-O 14. O-O a6 15. Bxc6 Nxc6 16. d5 Bxd5 {1-0 (33) Vajda,L (2564)-Cosma,I (2414) Calimanesti 2014}) 10. bxc3 Bg7 {LiveBook: 6 Games} 11. Ba3 {The position is equal.} Qc7 12. Bd3 $146 ({Predecessor:} 12. Bb5 O-O 13. O-O Bg4 14. Rfe1 Bxf3 15. gxf3 Bf6 16. Rad1 Rfd8 {½-½ (32) Badev,K (2297)-Kozhuharov,S (2411) Plovdiv 2009}) 12... Be6 $1 {[%cal Re6b3]} 13. Qa4 Bd5 14. O-O Bxf3 15. gxf3 O-O 16. Rfe1 Rfd8 17. Be4 e6 18. Rab1 Rac8 19. Rb5 b6 20. d5 exd5 (20... Na5 $17 {Hoping for ...a6.} 21. dxe6 fxe6) 21. Rxd5 $15 Bxc3 22. Rc1 $2 {[#]} (22. Red1 $1 $15 Rxd5 23. Bxd5) 22... Rxd5 $1 $19 23. Bxd5 Nd4 24. Qa6 Re8 (24... Rd8 $19 25. Qc4 Qe5) 25. Be4 (25. Kh1 $17) 25... b5 $36 {[%cal Bb6b5,Bb5b4][%mdl 2080] Strongly threatening ...Re6. Black is on the roll.} 26. Bd6 Qd8 27. Kh1 b4 28. Rd1 $2 {[%mdl 8192] [#]} (28. Bg3 $17) 28... Re6 {Precision: White = 32%, Black = 67%.} 0-1

[Event "IV Zicosur Open 2019"]
[Site "Antofagasta"]
[Date "2019.01.08"]
[Round "6"]
[White "Delgado Ramirez, Neuris"]
[Black "Vera Siguenas, Deivy"]
[Result "0-1"]
[WhiteElo "2623"]
[BlackElo "2483"]
[Annotator "TA"]
[PlyCount "82"]
[EventDate "2019.01.05"]
[EventType "swiss"]
[EventCountry "CHI"]
[SourceTitle "playchess.com"]
[Source "ChessBase"]
[SourceQuality "1"]

{[%evp 17,82,-44,3,26,20,0,16,20,32,24,112,108,203,92,94,91,95,102,93,129,322,77,80,91,166,132,131,131,128,133,121,85,129,122,122,135,129,124,146,134,119,150,137,97,100,0,0,0,0,-35,0,-71,-92,-581,-578,-578,-584,-551,-558,-555,-550,-525,-458,-1019,-1033,-1311,-1293]} 1. e4 e5 2. Nf3 Nc6 3. Bb5 {[%cal Bf1b5,Bb5a4,Ba4b3,Bb3d5][%mdl 32]} a6 4. Ba4 Nf6 5. Qe2 b5 6. Bb3 Bc5 7. c3 O-O 8. d3 h6 {C77: Ruy Lopez: 3...a6 4 Ba4 Nf6, unusual lines} (8... Re8 9. h3 Bb7 10. Nbd2 Bb6 11. Nf1 d5 12. Ng3 Na5 13. Bc2 c5 14. O-O c4 15. dxc4 Nxe4 16. Nxe4 dxe4 {1-0 (48) Svidler,P (2751)-Mikhalevski,V (2528) Tallinn 2016}) 9. h3 d6 {LiveBook: 4 Games} 10. g4 Nh7 {White has an edge.} 11. Bd5 Bd7 12. g5 hxg5 13. Rg1 g4 (13... Qe8 $11) 14. hxg4 $16 Rb8 (14... g5 $16 {was necessary.}) 15. Qf1 $146 {[%mdl 2048] White is in control.} (15. Rh1 $18 {and White stays clearly on top.}) ({Predecessor:} 15. b4 Bb6 {1-0 (15) Shapar,T (1877)-Maouchi,A (1613) Durban 2014}) 15... Ne7 16. Bb3 Ng6 17. Qh3 $1 Re8 18. Rh1 Nhf8 $2 (18... Nf6 $16) 19. Qh5 $2 (19. Bg5 $18 {and the rest is easy.} Qc8 20. Nh4 Bxg4 21. Qh2) 19... Be6 20. Nh4 Bxb3 (20... b4 $16) 21. axb3 $18 d5 {Black wants to play ...dxe4.} 22. Nd2 {Hoping for Ndf3.} (22. Rxa6 dxe4 23. d4 (23. Nxg6 fxg6 24. Rxg6 Nxg6 $11) (23. dxe4 $2 Qd3 $19 {[%mdl 64] Double Attack}) 23... Bb6 $17) 22... Be7 {[%cal Rg6h4]} (22... Nf4 23. Qh8+ $1 {[%mdl 512]} Kxh8 24. Ng6+ Kg8 25. Rh8#) 23. Nxg6 fxg6 24. Qh8+ (24. Qxe5 dxe4 25. dxe4 Bg5 $15) 24... Kf7 25. Qh3 ({Not} 25. Rxa6 dxe4 26. Qh3 (26. Nxe4 $2 Qxd3 27. f3 Qc2 $19) (26. dxe4 Ra8 $15) 26... Qxd3 $11) 25... Ne6 26. Nf3 $1 {[%cal Rf3e5]} ({Of course not} 26. Rxa6 $6 Nf4 $11) 26... Bf6 27. g5 $1 {[%cal Rg5f6]} ({Worse is} 27. Rxa6 dxe4 28. dxe4 Ra8 $15) 27... dxe4 28. dxe4 Nxg5 29. Bxg5 Bxg5 30. Rxa6 Bf6 31. Rg1 (31. Ke2 $16 {Threatens to win with Rd1.} Ra8 32. Rha1 Rxa6 33. Rxa6) 31... Ra8 $1 $11 {[%cal Ra8a6]} 32. Rc6 Ra2 33. Qg3 g5 34. Qh3 {[#]} (34. Nxg5+ $11 {keeps the balance.} Kg8 35. Ne6 Ra1+ 36. Ke2 Rxg1 37. Qxg1) 34... Kg8 $1 $17 {( -> ...Qd3)} 35. Rh1 $4 {[%mdl 8192] [#]} (35. Re6 $17 {is tougher.} Rxb2 36. Kf1) 35... Ra1+ $1 $19 {Black is clearly winning.} 36. Ke2 Rxh1 37. Qxh1 Qa8 38. Rxc7 {Threatening Nd2.} Qxe4+ 39. Kf1 Qd3+ 40. Kg1 (40. Kg2 $142 e4 41. Nxg5) 40... e4 41. Nd4 Ra8 {Accuracy: White = 51%, Black = 61%.} 0-1